000 00678nam a2200217 a 4500
001 002514
003 BD-ChCU
008 Ben
020 _a
040 _aDLC
_cDLC
_dBD-ChCU
082 0 0 _a১৮১.৪/দে-চ-ভা
100 1 _aচট্টোপাধ্যায়, দেবীপ্রসাদ
_b-
245 1 0 _aভারতীয় দর্শন, আদিপর্ব
_b-
250 _a***
260 _aকলিকাতা
_bকে পি বাগচী
_c১৯৯১
300 _a**
504 _a- Biblio-
650 0 _aদর্শন, ভারতীয়
_bদর্শন, ভারতীয়
700 1 _a-
942 _2ddc
_cBK
999 _c2514
_d2514